000 01273nab a22002297a 4500
999 _c6243
_d6243
003 OSt
005 20260127192805.0
008 190514b xxu||||| |||| 00| 0 spa d
040 _cPJ
100 _96754
_aJaremczuk, Cinthia Tamara
245 1 3 _aLa procedencia del reclamo de alimentos hacia progenitor/a afín /
_cCinthia Tamara Jaremczuk.
300 _ap. 142-145
500 _aCita: TR LALEY AR/DOC/1591/2025.
505 _aSumario: I. Del planteo del caso.— II. Visibilización de nuevas realidades familiares. Obligación alimentaria del progenitor afín. Su regulación legal.— III. ¿Qué entiende el Código entonces por subsidiaria?— IV. Conforme al caso, ¿qué ocurre en el caso de cese de la convivencia? ¿Continúa o cesa la obligación alimentaria del progenitor afín?— V. Conclusión.
505 _tFallo comentado: STJ Corrientes ~ 10/02/2025 ~ P. L. A. c. P. L. A. s/ alimentos (progenitor afín).
650 0 _9967
_aDERECHO DE FAMILIA
650 0 _9968
_aALIMENTOS
650 0 _94103
_aPROGENITOR AFIN
650 0 _91057
_aJURISPRUDENCIA APLICABLE
773 0 _02844
_93222
_dBuenos Aires : AbeledoPerrot, 1989-
_tDerecho de familia. Revista Interdisciplinaria de doctrina y jurisprudencia. Agosto 2025-IV.
_z18511201
942 _2udc
_cANA